| Tag |
First Indicator |
Second Indicator |
Subfields |
| LEADER |
00000pam a2200000 a 4500 |
| 001 |
in00000088617 |
| 005 |
20151008065147.0 |
| 008 |
810430s1981 nyu b 00010 eng |
| 010 |
|
|
|a 81038359
|
| 019 |
|
|
|a 7756357
|
| 020 |
|
|
|a 0883440903 (pbk.)
|
| 035 |
|
|
|a (OCoLC)07554310
|
| 035 |
|
|
|9 AAK5459AM
|
| 039 |
0 |
|
|a 2
|b 3
|c 3
|d 3
|e 3
|
| 040 |
|
|
|a DLC
|c DLC
|d TXA
|d UtOrBLW
|
| 043 |
|
|
|a n-us---
|
| 049 |
|
|
|a TXAM
|c [1805280]
|
| 050 |
0 |
0 |
|a BT738
|b .K37 1981
|
| 082 |
0 |
|
|a 261.8
|2 19
|
| 090 |
|
|
|a BT738
|b .K37 1982
|
| 100 |
1 |
|
|a Kavanaugh, John F.
|
| 245 |
1 |
0 |
|a Following Christ in a consumer society :
|b the spirituality of cultural resistance /
|c John Francis Kavanaugh.
|
| 264 |
|
1 |
|a Maryknoll, N.Y. :
|b Orbis Books,
|c [1981]
|
| 264 |
|
3 |
|c 1982 printing
|
| 264 |
|
4 |
|c ©1981
|
| 300 |
|
|
|a xix, 167 pages ;
|c 21 cm.
|
| 336 |
|
|
|a text
|b txt
|2 rdacontent
|
| 337 |
|
|
|a unmediated
|b n
|2 rdamedia
|
| 338 |
|
|
|a volume
|b nc
|2 rdacarrier
|
| 504 |
|
|
|a Bibliography: pages 157-167.
|
| 650 |
|
0 |
|a Christian sociology
|z United States.
|
| 650 |
|
0 |
|a Christian life
|x Catholic authors.
|
| 999 |
|
|
|a MARS
|
| 999 |
f |
f |
|s ca655584-684e-3b2f-8808-b48110221a6a
|i e5ea0fe8-296f-33cf-9719-b23e59b0ab91
|t 0
|
| 952 |
f |
f |
|p ric
|a Texas A&M University
|b Rellis Campus
|c Joint Library Facility
|d Remote Storage
|t 0
|e BT738 .K37 1982
|h Library of Congress classification
|i unmediated -- volume
|m A14806092167
|
| 998 |
f |
f |
|a BT738 .K37 1982
|t 0
|l Remote Storage
|